|
|
|
|
| LEADER |
00000nam0a2200000 4500 |
| 001 |
140330 |
| 005 |
20231031142020.0 |
| 010 |
|
|
|a 3540312579
|
| 035 |
|
|
|a (RuTPU)RU\TPU\book\152028
|
| 090 |
|
|
|a 140330
|
| 100 |
|
|
|a 20080626d2005 k y0engy50 ba
|
| 101 |
0 |
|
|a eng
|
| 102 |
|
|
|a DE
|
| 105 |
|
|
|a a z 101zy
|
| 200 |
1 |
|
|a Nonlinear Analyses and Algorithms for Speech Processing
|e International Conference on Non-Linear Speech Processing, NOLISP 2005, Barselona, Spain. April 19-22, 2005, Revised Selected Papers
|f editors M. Faundez-Zanuy, L. Laner, A. Esposito, A. Satue-Villar, J. Roure
|
| 210 |
|
|
|a Berlin
|c Springer-Verlag
|d 2005
|
| 215 |
|
|
|a 380 p.
|c il.
|
| 225 |
1 |
|
|a Lecture Notes in Artificial Intelligence
|
| 320 |
|
|
|a Библиография в конце статей
|
| 610 |
1 |
|
|a связь
|
| 610 |
1 |
|
|a вокодерная связь
|
| 610 |
1 |
|
|a вокодеры
|
| 610 |
1 |
|
|a речеобразование
|
| 610 |
1 |
|
|a речь
|
| 610 |
1 |
|
|a восприятие
|
| 610 |
1 |
|
|a обработка
|
| 610 |
1 |
|
|a методы
|
| 610 |
1 |
|
|a нелинейный анализ
|
| 610 |
1 |
|
|a международные конференции
|
| 610 |
1 |
|
|a Испания
|
| 610 |
1 |
|
|a Барселона
|
| 610 |
1 |
|
|a английский язык
|
| 675 |
|
|
|a 621.395(063)
|v 3
|
| 702 |
|
1 |
|a Faundez-Zanuy
|b M.
|g Marcos
|4 340
|
| 702 |
|
1 |
|a Laner
|b L.
|g Leonard
|4 340
|
| 702 |
|
1 |
|a Esposito
|b A.
|g Anna
|4 340
|
| 702 |
|
1 |
|a Satue-Villar
|b A.
|g Antonio
|4 340
|
| 702 |
|
1 |
|a Roure
|b J.
|g Joser
|4 340
|
| 712 |
1 |
0 |
|a Nonlinear Analyses and Algorithms for Speech Processing
|b conference
|e Barselona
|f 2005
|
| 801 |
|
1 |
|a RU
|b 63413507
|c 20080626
|g PSBO
|
| 801 |
|
2 |
|a RU
|b 63413507
|c 20080703
|g PSBO
|
| 942 |
|
|
|c BK
|